Some aspects of mechanization, (Record no. 552462)

000 -LEADER
fixed length control field 00420cam a2200145u 4500
082 ## - DEWEY DECIMAL CLASSIFICATION NUMBER
Classification number 357.5
Author Mark ROW
-- D
100 1# - MAIN ENTRY--PERSONAL NAME
Personal name Rowan-Robinson, H.
9 (RLIN) 49499
245 00 - TITLE STATEMENT
Title Some aspects of mechanization,
260 ## - PUBLICATION, DISTRIBUTION, ETC.
Place of publication, distribution, etc. London,
Name of publisher, distributor, etc. W. Clowes and sons, limited,
Date of publication, distribution, etc. 1928.
300 ## - PHYSICAL DESCRIPTION
Extent viii, 67 p.
Dimensions 22 cm.
526 ## - STUDY PROGRAM INFORMATION NOTE
Program name 0
Interest level 0
Reading level 0
Title point value 357_500000000000000_ROW
650 #0 - SUBJECT ADDED ENTRY--TOPICAL TERM
Topical term or geographic name entry element MCE
9 (RLIN) 379
650 #0 - SUBJECT ADDED ENTRY--TOPICAL TERM
Topical term or geographic name entry element Military art and science.
9 (RLIN) 37914
942 ## - ADDED ENTRY ELEMENTS (KOHA)
Source of classification or shelving scheme
Koha item type Book
Holdings
Withdrawn status Lost status Source of classification or shelving scheme Damaged status Not for loan Permanent Location Current Location Shelving location Date acquired Total Checkouts Full call number Barcode Date last seen Price effective from Koha item type
          Military College of Engineering (MCE) Military College of Engineering (MCE)   01/15/2015   357.5 ROW MCE-ECS/111 01/15/2015 01/15/2015 Book
© 2023 Central Library, National University of Sciences and Technology. All Rights Reserved.